000 00295nam a2200121Ia 4500
008 190216s9999||||xx |||||||||||||| ||und||
100 _aDr.Mahendra Kumar Mishra
245 0 _aHindi-Vigyan Ke Rochak Tathya
260 _bShiva Book House
_c2009
300 _a152
650 _aHindi
942 _cBK
999 _c16634
_d16634